| 000 | 00581nam a2200193Ia 4500 | ||
|---|---|---|---|
| 003 | GCL | ||
| 008 | 140319s9999 xx 000 0 ara d | ||
| 040 |
_aGCL / _cGCL |
||
| 082 | 0 | 4 |
_aق _b323.3962 _bع م |
| 245 | 1 | 0 | _aمن يحكم مصر المحروسة :رؤية طبقية شعبية للصراع الطبقى فى مصر |
| 300 | _a306 | ||
| 490 |
_aكتاب _v0 |
||
| 650 | 0 | 4 | _aمصر |
| 650 | 0 | 4 | _aالسياسة |
| 650 | 0 | 4 | _aالسياسة فى مصر |
| 650 | 0 | 4 | _aالطبقات الاجتماعية |
| 650 | 0 | 4 | _aالصراع الاجتماعى |
| 942 |
_2ddc _cBK |
||
| 999 |
_c43032 _d43032 |
||